000 01437nam a2200397 i 4500
001 11947
003 KOSZ 005
005 20210414080351.0
008 210414s1969 pl g 000 0 pol
015 _aPB 1969/8006
040 _aWA N
_cWA N
_dKOSZ 005/RW
041 0 _apol
_arus
046 _k1969
080 _a811.161.1:811.162.1'374
245 0 0 _aPodręczny słownik rosyjsko-polski =
_bNastol'nyj russko-pol'skij slovar' /
_credakcja J. H. Dworecki.
246 3 1 _aNastol'nyj russko-pol'skij slovar'
246 1 5 _aSłownik rosyjsko-polski.
250 _aWydanie 5.
260 _aWarszawa :
_bWiedza Powszechna,
_c1969.
300 _a903, [1] strony ;
_c18 cm.
336 _aTekst
_btxt
_2rdacontent
337 _aBez urządzenia pośredniczącego
_bn
_2rdamedia
338 _aWolumin
_bnc
_2rdacarrier
380 _aKsiążki
380 _aPublikacje informacyjne
388 1 _a1901-2000
388 1 _a1945-1989
500 _aPrzedruk słownika przygotowanego w ZSRR na podstawie poprawionego i uzupełnionego 5 wydania radzieckiego.
650 7 _aJęzyk rosyjski
655 7 _aSłownik rosyjsko-polski
658 _aJęzykoznawstwo
700 1 _aDvoreckij, Josif Hananovič
_eRedakcja
710 2 _aPaństwowe Wydawnictwo Wiedza Powszechna
_4pbl
856 _uhttp://koha.tu.koszalin.pl/cgi-bin/koha/opac-detail.pl?biblionumber=11947
_yKatalog online BPK
942 _2UKD
_cKS
999 _c11947
_d11947